Statistiche per Leader per partito politico italiano

Clicka qui per fare il quiz!

Statistiche generali

  • Questo quiz è stato fatto 188 volte
  • Il punteggio medio è 9 su 13

Statistiche sulle risposte

Risposta% Corretto
Giorgia Meloni
99%
Matteo Salvini
99%
Silvio Berlusconi
98%
Matteo Renzi
97%
Giuseppe Conte
94%
Enrico Letta
84%
Emma Bonino
75%
Carlo Calenda
66%
Roberto Speranza
56%
Giovanni Toti
47%
Pietro Grasso
47%
Luigi Brugnaro
15%
Lorenzo Cesa
13%

Distribuzione punteggi

Percentile per numero di risposta

Percentuale di utenti per punteggio

I tuoi punteggi nel tempo

Non hai fatto questo quiz